| 000 -LEADER |
| fixed length control field |
00607cam a2200241 a 4500 |
| 001 - CONTROL NUMBER |
| control field |
3854717 |
| 005 - DATE AND TIME OF LATEST TRANSACTION |
| control field |
20180205091955.0 |
| 008 - FIXED-LENGTH DATA ELEMENTS--GENERAL INFORMATION |
| fixed length control field |
880224t19881987nyuabcf b 000 0 eng |
| 010 ## - LIBRARY OF CONGRESS CONTROL NUMBER |
| LC control number |
88005850 |
| 020 ## - INTERNATIONAL STANDARD BOOK NUMBER |
| International Standard Book Number |
0140074651 (pbk.) |
| 040 ## - CATALOGING SOURCE |
| Original cataloging agency |
DLC |
| Transcribing agency |
DLC |
| Modifying agency |
DLC |
| 041 ## - LANGUAGE CODE |
| Language code of text/sound track or separate title |
eng |
| 043 ## - GEOGRAPHIC AREA CODE |
| Geographic area code |
a-pp--- |
| 080 ## - UNIVERSAL DECIMAL CLASSIFICATION NUMBER |
| Universal Decimal Classification number |
306.099 |
| 082 00 - DEWEY DECIMAL CLASSIFICATION NUMBER |
| Classification number |
306.099 CON |
| Edition number |
19 |
| 100 1# - Rafti |
| Rafti |
19 |
| 101 ## - Shkurtesa |
| Shkurtesa |
SHP |
| 245 10 - TITLE STATEMENT |
| Title |
First contact / |
| Statement of responsibility, etc |
Bob Connolly & Robin Anderson. |
| 504 ## - BIBLIOGRAPHY, ETC. NOTE |
| Bibliography, etc |
Bibliography: p. [313]-316. |
| 740 0# - ADDED ENTRY--UNCONTROLLED RELATED/ANALYTICAL TITLE |
| Uncontrolled related/analytical title |
1st contact. |
| 906 ## - LOCAL DATA ELEMENT F, LDF (RLIN) |
| a |
7 |
| b |
cbc |
| c |
orignew |
| d |
1 |
| e |
ocip |
| f |
19 |
| g |
y-gencatlg |
| 942 ## - ADDED ENTRY ELEMENTS (KOHA) |
| Source of classification or shelving scheme |
|
| Item type |
Books |